000 01413nam a2200349 i 4500
003 DO-SdBNP
005 20260604171422.0
007 ta
008 240422s2012 dr c 000 j spa d
020 _a9789945447859
040 _aDO-SdBNP
_bspa
_cBNPHU
_erda
041 _aspa
082 _a972.930542
_bM538a
_222
100 1 _aMéndez Batista, Nelson William
_922959
_eautor
245 1 3 _aLa actuación de los sargentos de la jefatura de abril, 65 /
_cNelson William Méndez Batista, Guarionex Novas Rosario, Pedro José Lantigua Bravo
264 1 _aSanto Domingo :
_bUniversitaria,
_c2012.
300 _a270 páginas,
_bretratos
_c21 cm.
336 _2rdacontent
_atexto
_btxt
337 _2rdamedia
_asin mediación
_bn
338 _2rdacarrier
_avolumen
_bnc
490 _aPublicaciones de la Universidad Autónoma de Santo Domingo
500 _aIncluye datos biografícos de los autores en la contraportadas.
504 _aBibliografía p: 267
590 _aInventariado, 2024/ YL
650 7 _2armarc
_aSociología militar
_xHistoria
_ySiglo XX
_zRepública Dominicana
_989862
650 7 _aFuerzas armadas
_xHistoria
_ySiglo XX
_zRepública Dominicana
_989863
651 _aRepública Dominicana
_xHistoria
_yRevolución de Abril, 1965
_989750
700 1 _aNovas Rosario, Guarionex
_eautor
_985296
700 1 _aLantigua Bravo, Pedro José
_eautor
_985297
910 _aYLockward
942 _2ddc
_cLBS1
999 _c56471
_d56471